John Jacob of Jacobabad (Record no. 370153)

000 -LEADER
fixed length control field 00447cam a22001577a 4500
008 - FIXED-LENGTH DATA ELEMENTS--GENERAL INFORMATION
fixed length control field 180718b1960 xxu||||| |||| 00| 0 eng d
082 ## - DEWEY DECIMAL CLASSIFICATION NUMBER
Classification number mA6x54 O6 L179
100 ## - MAIN ENTRY--PERSONAL NAME
Personal name Lambrick, H.T.
245 ## - TITLE STATEMENT
Title John Jacob of Jacobabad
Statement of responsibility, etc. by H.T. Lambrick
260 ## - PUBLICATION, DISTRIBUTION, ETC.
Place of publication, distribution, etc. London
Name of publisher, distributor, etc. Cassell
Date of publication, distribution, etc. 1960
300 ## - PHYSICAL DESCRIPTION
Extent 465p.
500 ## - GENERAL NOTE
General note 63/-
650 ## - SUBJECT ADDED ENTRY--TOPICAL TERM
Topical term or geographic name entry element Jacob John, Brigandier - General, 1812-1858
650 ## - SUBJECT ADDED ENTRY--TOPICAL TERM
Topical term or geographic name entry element Sind - History
650 ## - SUBJECT ADDED ENTRY--TOPICAL TERM
Topical term or geographic name entry element India - History - 1600 - 1857
Holdings
Withdrawn status Lost status Damaged status Not for loan Permanent Location Current Location Date acquired Full call number Barcode Date last seen Price effective from Koha item type
        Indian Institute of Public Administration Indian Institute of Public Administration 1994-06-03 mA6x54 O6 L179 23553 2018-07-21 2018-07-21 Book

Powered by Koha